000 00468nam a2200157Ia 4500
008 151213s9999 xx 000 0 und d
100 _aJerald R. Smith & Peggy A. Golden
245 _aCorporation ; A Global Business Simulation
_cJerald R. Smith & Peggy A. Golden
250 _a2nd
260 _aNew Jersy
_bPrentic Hall
_c1994
300 _a2967 p.
650 _aManagement
650 _aManagement
700 _aJerald R. Smith & Peggy A. Golden
999 _c2054
_d2054